Aristotle and Natura Law.
Saved in:
| Hovedforfatter: | |
|---|---|
| Format: | Bog |
| Sprog: | engelsk |
| Udgivet: |
London, United Kingdom:
Bloomsbury,
2013.
|
| Serier: | Bloomsbury Studies in Ancient Philosophy.
|
| Fag: | |
| Tags: |
Tilføj Tag
Ingen Tags, Vær først til at tagge denne postø!
|
MARC
| LEADER | 00000nam a22000007a 4500 | ||
|---|---|---|---|
| 003 | CL-VaPUC | ||
| 005 | 20241127085258.0 | ||
| 008 | 220617b2013 ||||| |||| 00| 0 eng d | ||
| 999 | |c 436105 |d 436103 | ||
| 020 | |a 978-1-4725-0660-3 | ||
| 040 | |c Pontificia Universidad Católica de Valparaíso | ||
| 082 | 7 | |a 340.112092 BUR 2013 |2 22 | |
| 100 | 1 | |a Burns, Tony |e autor |9 870917 | |
| 245 | |a Aristotle and Natura Law. | ||
| 260 | |a London, United Kingdom: |b Bloomsbury, |c 2013. | ||
| 300 | |a 216 páginas. | ||
| 490 | |a Bloomsbury Studies in Ancient Philosophy. | ||
| 500 | |a c.1 Donación Familia Prof. Alejandro Guzmán Brito. | ||
| 583 | |c 20220617 |k Cristina María Rojas Aguilar | ||
| 600 | 0 | |a Aristóteles, |d 384 a.C.- 322 a.C. |9 194 | |
| 650 | |a Derecho natural |x Filosofía |9 870918 | ||
| 942 | |2 ddc |c BK |n 0 | ||
| 952 | |0 0 |1 0 |2 ddc |4 0 |6 340_112092000000000_BUR_2013 |7 1 |8 C_AGB |9 583836 |a BIBDER |b BIBDER |d 2022-06-17 |e Donación |i 5651957 |o 340.112092 BUR 2013 |p 5651957 |r 2023-01-25 |t 1 |w 2022-06-17 |y BK_US |k AGB | ||